00346nam a2200121 4500008001400000020001800014082001900032100002100051245002200072260004000094300003700134650005300171779.092 P419m a9788569557135 a779.092bP419m aAndré Penteado aMissão Francesa aSão PaulobEditora Madalenac2017 a124 p.bill (col)c32 x 22.5 cm. xarte contemporáneoxfotografíaxexhibiciones